000 00491nam a2200205Ia 4500
005 20250425161658.0
008 250425s9999 xx 000 0 und d
041 _aeng
082 _a621.4022
100 _aSIEGEL, ROBERT
245 0 _aTHERMAL RADIATION HEAT TRANSFER
250 _aS.E.
260 _aEstados Unidos
_bMCGRAW-HILL
_c1972
260 _aNEW YORK
300 _a814
650 _aTRANSFERENCIA DE CALOR
700 _aHOWELL, JOHN R.
942 _c01
010 _a25702
999 _c213935
_d213935